Представление документа в формате RUSMARC

ПолеНазваниеЗначение
  Тип записи a
  Библиографический уровень m
001 Контрольный номер RU/SLIB/B/228495626
005 Дата корректировки 20220505151623.2
010 Индекс ISBN __
a ISBN 5-89502-809-8
d Цена 47-30
101 Язык документа 0_
a Язык текста rus
200 Заглавие и сведения об ответственности 1_
a Заглавие Игры народов Средней Азии и Казахстана
f Первые сведения об ответственности Т. Э. Уметов
b Общее обозначение материала Текст
210 Выходные данные 1_
a Место издания М.
c Издательство Изд-во Моск. психол.-соц. ин-та
210 Выходные данные 1_
a Место издания Воронеж
c Издательство МОДЭК
d Дата издания 2006
215 Физическое описание __
a Объем 207 с.
c Иллюстрации/тип воспроизводства ил., табл.
225 Серия 2_
a Серия Библиотека педагога-практика
320 Библиография __
a Библиография Библиогр. в конце кн.
330 Аннотация __
a Аннотация Материал по народной педагогике как педагогической системы. Автор отмечает влияние природно-климатических условий на становление и развитие педагогических воззрений народов Средней Азии и Казахстана. Отмечает особенность игр, которые не имеют ни национальности, ни государственных границ.
606 Тематические рубрики __
a Основная рубрика Образование. Педагогика
y Географическая подрубрика Средняя Азия; Казахстан; Узбекистан; Таджикистан; Туркмения; Кыргызстан; Киргизия
606 Тематические рубрики __
a Основная рубрика Семейное воспитание и образование
610 Ключевые слова 0_
a Ключевые слова народные игры; детские игры; киргизские народные игры; казахские народные игры; узбекские народные игры; таджикские народные игры; туркменские народные игры; уйгурские народные игры; развивающие игры; воспитание детей; народная педагогика
686 Индексы других классификаций __
a Классификационный индекс 74.100.55
700 Автор _1
a Фамилия Уметов
b Имя Т. Э.
g Полное личное имя Таалайбек Эгембердиевич
4 Код отношения 070
801 Источник записи _0
a Страна RU
b Организация Муниципальное бюджетное учреждение культуры "Централизованная библиотечная система" г. Сургут (Центральная городская библиотека им. А. С. Пушкина)
g Правила каталогизации КиК/Поспелова
801 Источник записи _1
a Страна RU
b Организация Муниципальное бюджетное учреждение культуры "Централизованная библиотечная система" г. Сургут (Центральная городская библиотека им. А. С. Пушкина)
g Правила каталогизации КиК/Поспелова
852 Данные о местонахождении __
j Шифр хранения 74.100.55
c Каталожный индекс 74.90
i Авторский знак У 52
901 Тип документа __
t Тип документа m
990 Данные о заказе (DOS) __
j Количество экземпляров (DOS) 1
h N записи в КСУ для Б/У (DOS) 200704